000 00929nac a22002417a 4500
001 BR6000257
003 BR-BrBNA
005 20240105121859.0
008 230509b bl.|||m| |||| 00| 0 por d
040 _aBR-BrBNA
_bpor
_cBiblioteca Nacional de Agricultura
072 _aH10
090 _a7900 BR6000257
100 1 _aGoncalves, L.I.
110 1 _aDepartamento Nacional da Producao Vegetal, Rio de Janeiro, GB (Brasil). Div. de Defesa Sanitaria Vegetal
245 1 _aO gorgulho japones - Callosobruchus chinensis (Linn. 1758)Pic.
_bObservacoes sobre a sua biologia, habitos, danos causados e meios de combate
260 3 _aRio de Janeiro, GB (Brasil):
_c1939.
300 _a44 p.
490 _aPublicacao - Departamento da Producao Vegetal. Div. de Defesa Sanitaria Vegetal (Brazil)
_vno. 14
_x
650 _aGorgulho
650 _aBiologia
909 _a202312
_bLúcia Elande
_c55
_dLúcia Elande
942 _2AGRIS
_n0
_cMS
999 _c288009
_d288009